Development and Co-development of Aggressive and Depressive Psychopathology : (Record no. 20245)
[ view plain ]
| 000 -LEADER | |
|---|---|
| fixed length control field | 00385nam a22001217a 4500 |
| 008 - FIXED-LENGTH DATA ELEMENTS--GENERAL INFORMATION | |
| fixed length control field | 230817b |||||||| |||| 00| 0 eng d |
| 020 ## - INTERNATIONAL STANDARD BOOK NUMBER | |
| International Standard Book Number | 978-3639003918 |
| 050 ## - LIBRARY OF CONGRESS CALL NUMBER | |
| Classification number | RJ499 |
| Item number | .F36 2008 |
| 100 ## - MAIN ENTRY--PERSONAL NAME | |
| Personal name | Fanti, Kostas Andrea |
| 245 ## - TITLE STATEMENT | |
| Title | Development and Co-development of Aggressive and Depressive Psychopathology : |
| Remainder of title | Infancy to early adolescence |
| 300 ## - PHYSICAL DESCRIPTION | |
| Extent | viii, 114p. |
| 942 ## - ADDED ENTRY ELEMENTS (KOHA) | |
| Source of classification or shelving scheme | Library of Congress Classification |
| Koha item type | General Collection |
| Withdrawn status | Lost status | Source of classification or shelving scheme | Not for loan | Home library | Current library | Date acquired | Cost, normal purchase price | Inventory number | Total Checkouts | Full call number | Barcode | Date last seen | Copy number | Price effective from | Koha item type |
|---|---|---|---|---|---|---|---|---|---|---|---|---|---|---|---|
| Library of Congress Classification | Kabarak, Main Campus | Kabarak, Main Campus | 17/08/2023 | 11182.00 | 2095/2022 | RJ499 .F36 2008 C.1 | 35006 | 17/08/2023 | C.1 | 17/08/2023 | General Collection | ||||
| Library of Congress Classification | Kabarak, Main Campus | Kabarak, Main Campus | 17/08/2023 | 11182.00 | 2096/2022 | RJ499 .F36 2008 C.2 | 35007 | 17/08/2023 | C.2 | 17/08/2023 | General Collection |